| Поле | Инд. | ПП | Название | Значение |
|---|---|---|---|---|
| Тип записи | a | |||
| Библиографический уровень | m | |||
| 001 | Контрольный номер | 1182fae9-822d-40a9-a325-e11126f3d4d7 | ||
| 005 | Дата корректировки | 20160615160217.6 | ||
| 008 | Кодируемые данные | 060418 | ||
| 020 | a | ISBN | 5-7695-1760-3 | |
| c | Цена, тираж | 137.00 | ||
| 040 | d | Организация, изменившая запись | НБ ТвГУ | |
| 041 | 0_ | a | Код языка текста | rus |
| 080 | a | Индекс УДК | 574(470)(075.8) | |
| 084 | a | Индекс другой классификации/Индекс ББК | Б1(2Рос)я73-1 | |
| 090 | x | Авторский знак | Э 40 | |
| a | Полочн. индекс | Б1(2Рос) | ||
| 245 | 10 | a | Заглавие | Экологическое состояние территории России |
| c | Ответственность | Под ред. С.А. Ушакова, Я.Г. Каца | ||
| 250 | a | Основные сведения об издании | 2-е изд., стер. | |
| 260 | 0_ | a | Место издания | Москва |
| b | Издательство | Academia | ||
| c | Дата издания | 2004 | ||
| 300 | a | Объем | 127, [1] с. | |
| b | Иллюстрации/ тип воспроизводства | ил., таб.,граф., диагр.,к. | ||
| 440 | _0 | a | Серия | Высшее профессиональное образование |
| a | Серия | Педагогические специальности | ||
| 504 | a | Библиография | Библиогр.:с.126-128. | |
| 583 | a | Действие | Получение впервые 133 18.04.2006 | |
| k | Исполнитель действия | ООО "Книжный мир" | ||
| 653 | 0_ | a | Ключевые слова | Россия |
| a | Ключевые слова | Экология | ||
| a | Ключевые слова | Учебные пособия для вузов | ||
| a | Ключевые слова | Педагогика | ||
| a | Ключевые слова | Экологическое состояние | ||
| 700 | 12 | a | Другие авторы | Бондарев Валерий Петрович |
| q | Полное имя | Бондарев В. П. | ||
| 700 | 12 | a | Другие авторы | Долгушин Леонид Дмитриевич |
| q | Полное имя | Долгушин Л. Д. | ||
| 700 | 1_ | a | Другие авторы | Залогин Борис Семенович |
| q | Полное имя | Залогин Б. С. | ||
| 852 | 41 | t | Порядковый номер экземпляра | 15 |
| p | Инвентарный номер | 839759 | ||
| p | Инвентарный номер | 839760 | ||
| p | Инвентарный номер | 839761 | ||
| p | Инвентарный номер | 839762 | ||
| p | Инвентарный номер | 839763 | ||
| p | Инвентарный номер | 839764 | ||
| p | Инвентарный номер | 839765 | ||
| p | Инвентарный номер | 839766 | ||
| p | Инвентарный номер | 839767 | ||
| p | Инвентарный номер | 839768 | ||
| p | Инвентарный номер | 839769 | ||
| p | Инвентарный номер | 839770 | ||
| p | Инвентарный номер | 839771 | ||
| p | Инвентарный номер | 839772 | ||
| p | Инвентарный номер | 839773 | ||
| 888 | a | За счет средств университета | ||
| 901 | t | Тип документа | m | |
| 920 | a | Оператор | Сиг | |
| 952 | p | 133.2006 137.00 1 839759 | ||
| p | 133.2006 137.00 1 839760 | |||
| p | 133.2006 137.00 1 839761 | |||
| p | 133.2006 137.00 1 839762 | |||
| p | 133.2006 137.00 1 839763 | |||
| p | 133.2006 137.00 1 839764 | |||
| p | 133.2006 137.00 1 839765 | |||
| p | 133.2006 137.00 1 839766 | |||
| p | 133.2006 137.00 1 839767 | |||
| p | 133.2006 137.00 1 839768 | |||
| p | 133.2006 137.00 1 839769 | |||
| p | 133.2006 137.00 1 839770 | |||
| p | 133.2006 137.00 1 839771 | |||
| p | 133.2006 137.00 1 839772 | |||
| p | 133.2006 137.00 1 839773 | |||
| c | Вид литературы | К ру | ||
| 954 | a | Дата поступления на обработку | 20060419 | |
| 999 | a | Подразделение 2 | Фил2 |